<?xml version="1.0" encoding="UTF-8"?>
<record
    xmlns:xsi="http://www.w3.org/2001/XMLSchema-instance"
    xsi:schemaLocation="http://www.loc.gov/MARC21/slim http://www.loc.gov/standards/marcxml/schema/MARC21slim.xsd"
    xmlns="http://www.loc.gov/MARC21/slim">

  <leader>01883cam a2200289 a 4500</leader>
  <controlfield tag="001">3964081</controlfield>
  <controlfield tag="003">OSt</controlfield>
  <controlfield tag="005">20210414114505.0</controlfield>
  <controlfield tag="008">920319s1992    moua     b    001 0 eng c</controlfield>
  <datafield tag="010" ind1=" " ind2=" ">
    <subfield code="a">   91042123  </subfield>
  </datafield>
  <datafield tag="020" ind1=" " ind2=" ">
    <subfield code="a">0801627842</subfield>
  </datafield>
  <datafield tag="040" ind1=" " ind2=" ">
    <subfield code="c">t</subfield>
  </datafield>
  <datafield tag="050" ind1="0" ind2="0">
    <subfield code="a">RC674.G89 1992</subfield>
  </datafield>
  <datafield tag="100" ind1="1" ind2=" ">
    <subfield code="a">Guzzetta, Cathie E.</subfield>
  </datafield>
  <datafield tag="245" ind1="1" ind2="0">
    <subfield code="a">Cardiovascular nursing :</subfield>
    <subfield code="b">holistic practice  /</subfield>
    <subfield code="c">Cathie E. Guzzetta, Barbara Montgomery Dossey.</subfield>
  </datafield>
  <datafield tag="260" ind1=" " ind2=" ">
    <subfield code="a">St. Louis, MO :</subfield>
    <subfield code="b">Mosby-Year Book,</subfield>
    <subfield code="c">c1992.</subfield>
  </datafield>
  <datafield tag="300" ind1=" " ind2=" ">
    <subfield code="a">xxix, 801 p. :</subfield>
    <subfield code="b">ill. ;</subfield>
    <subfield code="c">29 cm.</subfield>
  </datafield>
  <datafield tag="504" ind1=" " ind2=" ">
    <subfield code="a">Includes bibliographical references and index.</subfield>
  </datafield>
  <datafield tag="505" ind1=" " ind2=" ">
    <subfield code="a">Contents: Holistic cardiovascular nursing -- Nurses and self-assessment -- Cardiovascular assessment -- Nursing diagnoses -- Biobehavioral interventions -- Diagnostic testing -- Hemodynamic monitoring -- The person with coronary artey diseases risk factors -- The person with angina pectoris -- The person with myocardial infraction -- The person with heart failure and carcinogenic shock -- The person with valvular heart disease -- The person with cardiomyopathy or myocarditis -- The person with pericarditis,pericardial effusion,and cardiac tamponade -- The person with an articial cardiac pacemaker -- The person undergoing cardiac surgery -- The patients undergoing cardiac transprant surgery -- The person participating inpatint and outpatint cardiac rehabilitation -- Appendixes A Cardiovascular assessment tools -- B Dysrhythmias -- C Selected cardiovascular drugs -- D Defibrillation,cardioversion,and the automatic implantable cardioverter-defibrillator -- E The p[ersonwith near death experience </subfield>
  </datafield>
  <datafield tag="650" ind1=" " ind2="0">
    <subfield code="a">Cardiovascular system</subfield>
    <subfield code="x">Diseases</subfield>
    <subfield code="x">Nursing.</subfield>
  </datafield>
  <datafield tag="650" ind1=" " ind2="0">
    <subfield code="a">Holistic medicine.</subfield>
  </datafield>
  <datafield tag="650" ind1=" " ind2="2">
    <subfield code="a">Cardiovascular Diseases</subfield>
    <subfield code="x">nursing.</subfield>
  </datafield>
  <datafield tag="650" ind1=" " ind2="2">
    <subfield code="a">Holistic Health.</subfield>
  </datafield>
  <datafield tag="700" ind1="1" ind2=" ">
    <subfield code="a">Dossey, Barbara Montgomery.</subfield>
  </datafield>
  <datafield tag="942" ind1=" " ind2=" ">
    <subfield code="2">lcc</subfield>
    <subfield code="c">BK</subfield>
  </datafield>
  <datafield tag="999" ind1=" " ind2=" ">
    <subfield code="c">5754</subfield>
    <subfield code="d">13254</subfield>
  </datafield>
  <datafield tag="952" ind1=" " ind2=" ">
    <subfield code="0">0</subfield>
    <subfield code="1">0</subfield>
    <subfield code="2">lcc</subfield>
    <subfield code="4">0</subfield>
    <subfield code="7">0</subfield>
    <subfield code="8">NFIC</subfield>
    <subfield code="a">WIUC-1</subfield>
    <subfield code="b">WIUC-1</subfield>
    <subfield code="c">NURS L.</subfield>
    <subfield code="d">2015-09-30</subfield>
    <subfield code="l">0</subfield>
    <subfield code="o">RC674.G89 1992</subfield>
    <subfield code="p">NURS/64/15</subfield>
    <subfield code="r">2015-09-30 00:00:00</subfield>
    <subfield code="w">2015-09-30</subfield>
    <subfield code="y">BK</subfield>
  </datafield>
</record>
